000 00378nam a2200133 i 4500
001 24265
003 ES-MaACL
007 t|
008 021216s1943 ddr ||||1| ger d
245 0 0 _aAmtliches material zum Massenmord von Katyn...
260 _aBerlín :
_bGedruckt im Deutschen Verlag,
_c1943.
300 _a272 p., 30 lám. ;
_c26 cm.
852 _aES-MaACL
_jB-4963
_bR.20235
999 _c24265
_d24265